Konzultačné prístupy k uplatňovaniu informačných technológií a reinžinieringu podnikových procesov
Úloha metód v systéme poznávacieho procesu organizácií. Metódy ako súčasť znalostného systému. Konzultačné firmy a reinžiniering podnikových procesov. Prehľad tradičných renomovaných konzultačných firiem. Porovnanie zahraničných a slovenských reinžinieringových metodík.
Salvato in:
| Autore principale: | |
|---|---|
| Altri autori: | |
| Natura: | Capitolo di libro |
| Lingua: | slovacco |
| Soggetti: | |
| Tags: |
Nessun Tag, puoi essere il primo ad aggiungerne!!
|
MARC
| LEADER | 00000naa$a2200000$$$4500 | ||
|---|---|---|---|
| 001 | 0008746 | ||
| 005 | 20240502071354.2 | ||
| 041 | 0 | |a slo | |
| 044 | |a SK | ||
| 245 | 1 | 0 | |a Konzultačné prístupy k uplatňovaniu informačných technológií a reinžinieringu podnikových procesov |c aut. Pavel Vavrinčík, Štefan Čarnický |
| 520 | |a Úloha metód v systéme poznávacieho procesu organizácií. Metódy ako súčasť znalostného systému. Konzultačné firmy a reinžiniering podnikových procesov. Prehľad tradičných renomovaných konzultačných firiem. Porovnanie zahraničných a slovenských reinžinieringových metodík. | ||
| 610 | 2 | 0 | |a poradenstvo |
| 610 | 2 | 0 | |a systémy informačné |
| 610 | 2 | 0 | |a technológie informačné |
| 610 | 2 | 0 | |a technológie komunikačné |
| 610 | 2 | 0 | |a manažment informačný |
| 610 | 2 | 0 | |a firmy |
| 610 | 2 | 0 | |a procesy podnikové |
| 610 | 2 | 0 | |a metódy |
| 610 | 2 | 0 | |a reengineering |
| 610 | 2 | 0 | |a konzultanti |
| 610 | 2 | 0 | |a komunikácia |
| 100 | 1 | |a Vavrinčík, Pavel | |
| 700 | 1 | |a Čarnický, Štefan | |